000
00208 a2200085 4500
020
_a
9788174091208
100
_a
Santosh Kumar Garg
245
_a
Water Supply Engineering
260
_b
Khanna Publishers
_c
1977
999
_c
13299
_d
13299